000 01172naa a22003257a 4500
001 BR5100079
003 BR-BrBNA
005 20240918172827.0
007 ta
008 230509b bl.||||| |||| 00| 0 por d
040 _aBR-BrBNA
_bpor
_cBiblioteca Nacional de Agricultura
041 _a(Pt)
072 _aL20; L30
_b5213
_b1910
090 _aL20 BR5100079
100 1 _aVillares, J.B.
100 1 _aRocha, G.L. da
111 1 _a5. Congresso Brasileiro de Veterinaria
_cSao Paulo, SP (Brazil)
_d28 Aug 1950
245 1 _aClimatologia zootecnica. 10. Contribuicao para o estudo dos habitos dos bovinos nas pastagens tropicais [Bos taurus]
260 3 _aSao Paulo, SP (Brasil):
_c1951.
500 _aAnais do 5. Congresso Brasileiro de Veterinaria Sao Paulo, SP (Brasil): 1951. p. 321-348 (BR5100079-AM)L20
650 _aEcologia animal
650 _aNutricao animal
650 _aBovino
650 _aPastagem
650 _aAclimatacao
650 _aHabito alimentar
773 0 _tAnais do 5. Congresso Brasileiro de Veterinaria
_wL20 BR5100079
_gSao Paulo, SP (Brasil), 1951. p. 321-348
909 _a202404
_bLucia
_c55
_dLucia Elande
942 _cAM
_2AGRIS
999 _c301619
_d301619